Programa de formació : 2003 - 2004 : gestió cultural del territori 2003 - 2004 :
Descripción Física:
12 p. ; 21 cm
MARC
| LEADER | 00000nam a2200000Ia 4500 | ||
|---|---|---|---|
| 001 | 17931 | ||
| 008 | 160829s2003 xx 000 0 cat d | ||
| 080 | |a FU-49-2 | ||
| 245 | |a Programa de formació : |b 2003 - 2004 : |b gestió cultural del territori | ||
| 260 | |a Barcelona : |b Diputació de Barcelona. Àrea de Cultura, |c 2003 | ||
| 300 | |a 12 p. ; |c 21 cm | ||
| 590 | |a A la contracoberta: CERC: Centre d'Estudis i Recursos Culturals | ||
| 610 | 1 | 0 | |a Barcelona (Catalunya : Província). |b Centre d'Estudis i Recursos Culturals |9 52487 |
| 710 | 1 | |a Barcelona (Catalunya : Província). |b Àrea de Cultura |9 53536 | |
| 901 | |a Arxiu | ||
| 942 | |n 1 | ||
| 952 | |0 0 |1 0 |4 0 |6 FU492 |7 1 |9 44081 |a Arxiu |b Arxiu |d 2016-12-01 |l 0 |o FU-49-2 |p 17931 |r 2016-12-01 00:00:00 |w 2016-12-01 |y ARXIU | ||
| 999 | |c 46661 |d 46661 | ||